Envelope airtightness (Record no. 63316)

MARC details
000 -LEADER
fixed length control field 00951cam a2200205 4500
001 - CONTROL NUMBER
control field ABS62143
008 - FIXED-LENGTH DATA ELEMENTS--GENERAL INFORMATION
fixed length control field 000000n2000 000 0 eng u
035 ## - SYSTEM CONTROL NUMBER
System control number (Sirsi) u105728
100 ## - MAIN ENTRY--PERSONAL NAME
Personal name Bordass, B.
245 ## - TITLE STATEMENT
Title Envelope airtightness
260 ## - PUBLICATION, DISTRIBUTION, ETC.
Date of publication, distribution, etc. 2000
490 ## - SERIES STATEMENT
Series statement Architects' Journal
Volume/sequential designation 211(14) 13 April 2000, 48-51; 211(15) 20 April 2000, 38-39(5)
520 ## - SUMMARY, ETC.
Summary, etc. British levels of airtightness in buildings is poor compared with Europe and north America. Problems of lack of airtightness can negate low-energy strategies and cause problems post-occupancy. Improvements can be achieved easily and are essential to good performance. Case study of the Elizabeth Fry building at the University of East Anglia shows the benefits of improved airtightness.
590 ## - LOCAL NOTE (RLIN)
Local note ABS
650 ## - SUBJECT ADDED ENTRY--TOPICAL TERM
Topical term or geographic name entry element THERMAL INSULATION
650 ## - SUBJECT ADDED ENTRY--TOPICAL TERM
Topical term or geographic name entry element AIRTIGHTNESS
650 ## - SUBJECT ADDED ENTRY--TOPICAL TERM
Topical term or geographic name entry element LOW-ENERGY BUILDINGS
690 ## - LOCAL SUBJECT ADDED ENTRY--TOPICAL TERM (OCLC, RLIN)
Topical term or geographic name as entry element BUILDING AND CONSTRUCTION-ENERGY MANAGEMENT
942 ## - ADDED ENTRY ELEMENTS (KOHA)
Suppress in OPAC 0
Holdings
Withdrawn status Lost status Source of classification or shelving scheme Damaged status Not for loan Home library Current library Shelving location Date acquired Total Checkouts Full call number Barcode Date last seen Copy number Price effective from Koha item type
    Dewey Decimal Classification     London London Journal article 03/05/2000   ABS62143 105728-1001 06/08/2019 1 06/08/2019 Journal article